| 000 | 00827nam a2200217 a 4500 | ||
|---|---|---|---|
| 001 | 65278 | ||
| 003 | BD-RjUL | ||
| 005 | 20211209081415.0 | ||
| 008 | 170304s1979 bg 000 0 ben d | ||
| 035 | _a(BD-RjUL)65408 | ||
| 040 |
_aBD-RjUL _bben _cBD-RjUL |
||
| 041 | _aben | ||
| 082 |
_a891.443 _bSAP 1979 _223 |
||
| 100 |
_aসান্যাল, প্রবোধ কুমার _9193226 |
||
| 245 | 1 | 0 |
_aপ্রবোধ কুমার সান্যালের শ্রেষ্ঠ গল্প / _cপ্রবোধ কুমার সান্যাল |
| 260 |
_aকলিকাতা : _bদেজ পাবলিশিং, _c১৯৭৯ |
||
| 300 |
_a১৯৯ পৃ ; _c২২ সেমি. |
||
| 650 |
_aবাংলা উপন্যাস _9523 |
||
| 650 |
_aBengali Fiction _9524 |
||
| 942 |
_2ddc _cBK |
||
| 999 |
_c65278 _d65278 |
||